000 00639nam a2200241Ia 4500
003 OSt
005 20221005123024.0
006 a|||||r|||| 00| 0
007 ta
008 221004b |||||||| |||| 00| 0 hin d
024 _a59454
037 _cTextual
040 _aCRL
_cCRL
_bhin
041 _2hin
_ahin
082 _aO152,1NKES:g, 33L0
100 _aKaikini Gourish v. Tr.
_9633014
245 0 _aKeshav asutaru
260 _c1970
650 _a HINDI POETRY
_97134
650 _aHINDI LITERATURE
_923866
942 _hO152,1NKES:g, 33L0
_cTEXL
_2cc
999 _c1046160
_d1046160